Maurice pour les touristes... - Statistiques

Statistiques générales
  • Ce quiz a été pris 64 fois
  • Le résultat moyen est 8 sur 20
Statistiques - réponses
Question Indice Réponses % Correct
Quelles sont les langues officielles ? Anglais
98%
Quelles sont les langues officielles ? Français
95%
Ce pays est plus grand que la France (oui/non) Non
81%
Quel pays a accordé son indépendance à celui-ci ? Royaume-Uni
75%
Dans la capitale quel est le décalage horaire avec Paris ? (+ ou - et chiffre) ex - 10 + 2
72%
Quels est le climat local ? T Tropical
65%
Quel est le régime du pays ? République
53%
Le suffixe internet est mu
44%
Quelle est la monnaie ? Roupie mauricienne
35%
Quelles sont les principaux lieux touristiques ? C Parc de {Casela}
33%
Quelles sont les principaux lieux touristiques ? F Vallée de {Ferney}
30%
Achats à faire 2/ Douceur sucrée Pâtes de {fruits}
25%
La religion majoritaire est Christianisme
16%
Quelles sont les principaux lieux touristiques ? C Région de {Chamarel}
16%
Achats à faire 1/ Pour la cuisine Epices
14%
Code sur les plaques minéralogiques MS
9%
Achats à faire 4/ Les aventures de Tikoulou
7%
Le principal aéroport est P Plaine Magnien
5%
Achats à faire 5/ Bracelet Hope
2%
Achats à faire 3/ CD de Seggae
2%
Aucun quiz correspondant
Distribution des résultats
% des personnes avec chaque résultat
Percentile par nombre de réponses
Votre historique - résultats
Vous n’avez pas pris ce quiz